|
|
|
|
| LEADER |
00000nab a2200000 a 4500 |
| 001 |
vtls000078615 |
| 003 |
SK-MaSNL |
| 005 |
20260304000532.0 |
| 008 |
131118c1981 xo 0 slo |
| 015 |
|
|
|a SNBRB19rr/mm-uuuuu
|
| 035 |
|
|
|a CL0088716
|
| 040 |
|
|
|a SNKBUCL
|b slo
|c SNKBUCL
|e AACR2
|
| 041 |
0 |
|
|a slo
|
| 044 |
|
|
|a xo
|c SK
|
| 080 |
|
|
|a 82.09:885.4-3(048)
|2 1981
|
| 080 |
|
|
|a 885.4-3(048)
|2 1981
|
| 100 |
1 |
|
|a Vilikovský, Pavel,
|d 1941-2020
|4 aut
|9 89818
|
| 245 |
1 |
0 |
|a "[Tri bodky]"
|c P. Vilikovský
|
| 500 |
|
|
|a Názov na dokumente: Tri bodky v hranatých zátvorkách a uvodzovkách
|
| 650 |
0 |
7 |
|a slovenské romány
|2 snkbucl
|9 103163
|
| 655 |
|
7 |
|a články z novín a časopisov
|2 snkbucl
|9 267496
|
| 655 |
|
7 |
|a články z odboru literárna veda a krásna literatúra
|2 snkbucl
|9 770045
|
| 655 |
|
7 |
|a recenzie
|2 snkbucl
|9 21907
|
| 773 |
0 |
|
|t Romboid
|g Roč. 16, č. 2 (1981), s. 93
|
| 787 |
0 |
8 |
|i Rec.:
|a Glocko, Peter, 1946-
|t Šťastný pán Cyprián
|d Bratislava : Slovenský spisovateľ, 1980
|
| 850 |
|
|
|a Slovenská národná knižnica
|
| 852 |
|
|
|a Slovenská národná knižnica
|
| 958 |
|
|
|a RK
|
| 958 |
|
|
|a LX
|
| 992 |
|
|
|a RBX
|
| 999 |
|
|
|c 2531710
|d 2533640
|